000 00968na a2200265 4500
001 16753
003 MIRAKIL
005 20181213154943.0
008 161012b tu 000 0
020 _a9756037717
035 _a16753
040 _aMilas
_btur
_cTR-AnCHP
082 _a341.481026
_bG35u 2006
090 _a341.481026 G35u 2006
100 _aGemalmaz, Mehmet Semih
245 _aUlusalüstü insan hakları hukuku ışığında Avrupa İnsan Hakları Sözleşmesi (madde 3 / işkence yasağı) analizi
_cMehmet Semih Gemalmaz
246 _aAvrupa İnsan Hakları Sözleşmesi (madde 3 / işkence yasağı) analizi
260 _aAnkara
_bAnkara Barosu
_c2006
300 _alxiii, 891 s.
_btbl.
_c24 sm.
504 _aKaynakça var.
630 _aAvrupa İnsan Hakları Sözleşmesi
_xİşkence
650 _aUluslararası hukuk
_xİnsan hakları
_yİşkence
650 _aUluslararası sözleşmeler
_xİnsan hakları
_yİşkence
942 _2ddc
_cBKS
999 _c3782
_d3782